<?xml version="1.0" encoding="UTF-8"?>
<collection xmlns="http://www.loc.gov/MARC21/slim">
  <record>
    <leader>00000nam  2200000   4500</leader>
    <controlfield tag="001">INLIS000000000019989</controlfield>
    <controlfield tag="005">20250508095015</controlfield>
    <datafield tag="035" ind1="#" ind2="#">
      <subfield code="a">0010-0525000072</subfield>
    </datafield>
    <controlfield tag="007">ta</controlfield>
    <controlfield tag="008">250508################g##########0#eng##</controlfield>
    <datafield tag="082" ind1="#" ind2="#">
      <subfield code="a">519.72</subfield>
    </datafield>
    <datafield tag="084" ind1="#" ind2="#">
      <subfield code="a">519.72 SRI l</subfield>
    </datafield>
    <datafield tag="100" ind1=" " ind2="#">
      <subfield code="a">Srinath, L. S.</subfield>
    </datafield>
    <datafield tag="245" ind1="1" ind2="#">
      <subfield code="a">Linear Programming :</subfield>
      <subfield code="b">Principles and Applications /</subfield>
      <subfield code="c">L. S. Srinath</subfield>
    </datafield>
    <datafield tag="260" ind1="#" ind2="#">
      <subfield code="a">India :</subfield>
      <subfield code="b">Affiliated East-West Press Private Limited,</subfield>
      <subfield code="c">1982</subfield>
    </datafield>
    <datafield tag="300" ind1="#" ind2="#">
      <subfield code="a">202 halaman :</subfield>
      <subfield code="b">ilus ;</subfield>
      <subfield code="c">23,5 cm</subfield>
    </datafield>
    <datafield tag="650" ind1="#" ind2="4">
      <subfield code="a">Matematika Terapan</subfield>
    </datafield>
    <datafield tag="020" ind1="#" ind2="#">
      <subfield code="a">0 333 36222 5</subfield>
    </datafield>
    <datafield tag="250" ind1="#" ind2="#">
      <subfield code="a">Cetakan ke 2</subfield>
    </datafield>
    <datafield tag="500" ind1="#" ind2="#">
      <subfield code="a">The purpose of this textbook is textbook is to introduce the reader to the principles of linear programming, the techniques of its application, and the variety of problem situations in which it can be used.&#13;
The author begins with a fairly elementary approach to optimization problems; the discussion subsequently grows more detailed, bringing in illustrative examples and problems from a wide field of activity. At the same time, the treatment remains self-contained and no sophisticated mathematical background is required.&#13;
The coverage and treatment will appeal to undergraduated students of engineering, business studies and economics. It will also be of value to students taking conversion courses at the postgraduate level, in operations research and allied subjects.</subfield>
    </datafield>
    <datafield tag="990" ind1="#" ind2="#">
      <subfield code="a">20919</subfield>
    </datafield>
    <datafield tag="990" ind1="#" ind2="#">
      <subfield code="a">20875</subfield>
    </datafield>
  </record>
</collection>
